12 Księżniczek Disneya - Statystyki

Ogólne statystyki
  • Ten quiz został rozwiązany 318 razy
  • Średni wynik to 8 z 12
Statystyki odpowiedzi
Odpowiedź % Poprawnych
Kopciuszek
92%
Śnieżka
84%
Bella
80%
Ariel
79%
Roszpunka
78%
Aurora
75%
Mulan
75%
Merida
65%
Pocahontas
65%
Tiana
62%
Vaiana
52%
Dżasmina
42%
Nie znaleziono quizów pasujących do podanych kryteriów
Rozkład punktacji
Procent ludzi z każdym wynikiem
Percentyl według liczby udzielonych odpowiedzi
Twoja historia wyników
Nie rozwiązałeś tego quizu